| 000 | 00528nam a2200169Ia 4500 | ||
|---|---|---|---|
| 999 |
_c21602 _d21602 |
||
| 003 | OSt | ||
| 005 | 20200609123020.0 | ||
| 008 | 190216s9999||||xx |||||||||||||| ||und|| | ||
| 020 | _a9788126146512 | ||
| 040 | _coclc | ||
| 082 |
_a361.10954 _bTAB/E |
||
| 100 |
_aTabassum, Henna _92674 |
||
| 245 | 0 |
_aEncyclopaedia Of Contemporary Social Problems In India / _cHenna Tabassum |
|
| 260 |
_bAnmol Publications, _c2011. _aNew Delhi: |
||
| 300 | _a296p | ||
| 942 |
_cBK _2ddc _h361.10954 _iTAB/E _k361.10954 _mTAB/E |
||